Géographie des transports : Territoires, échelles, acteurs (notice n° 2198697)
[ vue normale ]
| 000 -LEADER | |
|---|---|
| fixed length control field | 01691cam a2200157 4500500 |
| 005 - DATE AND TIME OF LATEST TRANSACTION | |
| control field | 20260405085559.0 |
| 041 ## - LANGUAGE CODE | |
| Language code of text/sound track or separate title | fre |
| 042 ## - AUTHENTICATION CODE | |
| Authentication code | dc |
| 100 10 - MAIN ENTRY--PERSONAL NAME | |
| Personal name | Libourel, Éloïse |
| Relator term | author |
| 245 00 - TITLE STATEMENT | |
| Title | Géographie des transports : Territoires, échelles, acteurs |
| 260 ## - PUBLICATION, DISTRIBUTION, ETC. | |
| Name of publisher, distributor, etc. | Armand Colin,<br/> |
| Date of publication, distribution, etc. | 2022.<br/> |
| 520 ## - SUMMARY, ETC. | |
| Summary, etc. | Les transports (compris comme l'ensemble des moyens matériels et des services permettant les déplacements) ont considérablement évolué ces dernières années. Ils ont permis une hausse spectaculaire des vitesses moyennes et une contraction des distances-temps qui participent aux façonnements des territoires à l'échelle mondiale. Grâce à une approche transversale, cet ouvrage a pour ambition de dresser une nouvelle géographie des transports, prenant en compte la complexification des réseaux de transport et de leur fonctionnement sous l’effet des mutations économiques, de la multiplication des acteurs impliqués, de l’émergence de nouvelles échelles d’analyse et de nouveaux enjeux environnementaux et sanitaires. Après un retour épistémologique sur de la géographie des transports, qui la situe dans les évolutions de la discipline, il propose une analyse fine des objets, des échelles, des politiques publiques et des types de réseau, illustrée par de nombreuses explorations de terrain. Un manuel de référence qui vient répondre aux besoins des étudiants des formations universitaires généralistes comme des formations spécialisées. |
| 700 10 - ADDED ENTRY--PERSONAL NAME | |
| Personal name | Schorung, Matthieu |
| Relator term | author |
| 700 10 - ADDED ENTRY--PERSONAL NAME | |
| Personal name | Zembri, Pierre |
| Relator term | author |
| 856 41 - ELECTRONIC LOCATION AND ACCESS | |
| Uniform Resource Identifier | <a href="https://shs.cairn.info/geographie-des-transports--9782200631543?lang=fr&redirect-ssocas=7080">https://shs.cairn.info/geographie-des-transports--9782200631543?lang=fr&redirect-ssocas=7080</a> |
Pas d'exemplaire disponible.




Réseaux sociaux